000 01128cam a22002891 4500
001 l 46000041
003 DLC
005 20260227111539.0
008 840123s1946 dcua f000 0 eng c
010 _al 46000041
035 _a(OCoLC)10326532
040 _aU.S. Dept. of Labor Libr.
_cNBuU
_dMdU-H
_dDLC
042 _apremarc
050 0 0 _aHQ314
_b.M65
082 _a362.8
100 1 _aMorlock, Maud.
245 1 0 _aMaternity homes for unmarried mothers;
_ba community service,
_cby Maud Morlock and Hilary Campbell.
260 _a[Washington,
_bU.S. Govt. Print. Off.]
_c1946.
300 _a1 p. l., 94 p.
_billus.
_c23 cm.
490 0 _aUnited States. Children's Bureau. Publication
_v309
500 _a"'Health and medical services' [section 4] was prepared by Barbara A. Hewell, M.D. ... in cooperation with John L. Parks, M.D. ... and Marjorie M. Heseltine."--Verso of t.-p.
650 0 _aUnmarried mothers
_xServices for
_zUnited States.
650 0 _aMaternity homes
_zUnited States.
700 1 _aCampbell, Hilary,
_cMiss.
700 1 _aHewell, Barbara
_q(Barbara Ann),
_d1903-
740 0 _aUnmarried mothers.
999 _c36522
_d36522